[Event "España ch 2008 sub 18"]
[Site "Padrón ESP"]
[Date "2008.07.30"]
[Round "6.44"]
[White "Mougan Gonzalez, Santiago"]
[Black "Riera Morilla, Elizabeth"]
[Result "1-0"]
[WhiteElo "1730"]
[BlackElo "1915"]
[PlyCount "53"]
[EventDate "2008.07.27"]
[EventType "swiss"]
[EventRounds "9"]
[EventCountry "ESP"]
[Source "lmi"]
[SourceDate "2008.07.27"]

1. e4 c5 2. Nf3 g6 3. d4 cxd4 4. Nxd4 Bg7 5. Be3 Nc6 6. Nc3 Nf6 7. Qd2 O-O 8.
Bc4 Qa5 9. O-O-O Ng4 10. Nb3 Qb4 11. Bd5 Nxe3 12. Qxe3 Na5 13. Nxa5 Qxa5 14.
Rhe1 d6 15. Bb3 Bxc3 16. bxc3 Be6 17. e5 Bxb3 18. axb3 Qa3+ 19. Kb1 Rfc8 20.
Rd4 b5 21. exd6 exd6 22. Qc1 Qc5 23. Qd2 a5 24. Rd5 Qc6 25. f3 a4 26. Rxd6 Qxc3
27. Re8+ 1-0

[Event "España ch 2008 sub 18"]
[Site "Padrón ESP"]
[Date "2008.07.30"]
[Round "6.48"]
[White "Elexpe Bastida, Oscar"]
[Black "Ortega Sanchez, Ainhoa"]
[Result "0-1"]
[WhiteElo "1676"]
[BlackElo "1794"]
[PlyCount "90"]
[EventDate "2008.07.27"]
[EventType "swiss"]
[EventRounds "9"]
[EventCountry "ESP"]
[Source "lmi"]
[SourceDate "2008.07.27"]

1. c4 c6 2. g3 Nf6 3. Nf3 d5 4. d4 e6 5. Bg2 Nbd7 6. O-O Be7 7. Bf4 O-O 8. Qc2
Ne4 9. Nfd2 f5 10. f3 Nxd2 11. Nxd2 Nf6 12. Be5 Bd6 13. Rad1 Bxe5 14. dxe5 Nd7
15. Qc3 Qb6+ 16. e3 g5 17. b4 Rf7 18. c5 Qc7 19. f4 g4 20. a4 a6 21. Rb1 Rg7
22. Nb3 h5 23. Nd4 Nf8 24. b5 Bd7 25. Rb2 axb5 26. axb5 Qa5 27. Qb3 cxb5 28.
Nxb5 Bxb5 29. Qxb5 Qxb5 30. Rxb5 Rc8 31. Rc1 Rgc7 32. Rb6 Kf7 33. Bf1 Nd7 34.
Rxb7 Rxb7 35. c6 Rbc7 36. cxd7 Rxc1 37. dxc8=Q Rxc8 38. Bb5 Rc2 39. Ba4 Re2 40.
Kf1 Rxe3 41. Kf2 Ra3 42. Bb5 Ra2+ 43. Be2 d4 44. Ke1 d3 45. Bxd3 Rxh2 0-1

[Event "España ch 2008 sub 18"]
[Site "Padrón ESP"]
[Date "2008.07.31"]
[Round "7.1"]
[White "Alonso Rosell, Alvar"]
[Black "Recuero Guerra, David"]
[Result "1/2-1/2"]
[WhiteElo "2393"]
[BlackElo "2417"]
[PlyCount "30"]
[EventDate "2008.07.27"]
[EventType "swiss"]
[EventRounds "9"]
[EventCountry "ESP"]
[Source "lmi"]
[SourceDate "2008.07.27"]

1. d4 Nf6 2. c4 e6 3. Nc3 Bb4 4. Qc2 d5 5. a3 Bxc3+ 6. Qxc3 c5 7. dxc5 d4 8.
Qc2 e5 9. Nf3 Nc6 10. b4 Qe7 11. e4 dxe3 12. Bxe3 a5 13. Qb2 axb4 14. axb4
Rxa1+ 15. Qxa1 Nxb4 1/2-1/2

[Event "España ch 2008 sub 18"]
[Site "Padrón ESP"]
[Date "2008.07.31"]
[Round "7.2"]
[White "Moreno Gracia, Daniel"]
[Black "Salgado Lopez, Ivan"]
[Result "0-1"]
[WhiteElo "2292"]
[BlackElo "2532"]
[PlyCount "65"]
[EventDate "2008.07.27"]
[EventType "swiss"]
[EventRounds "9"]
[EventCountry "ESP"]
[Source "lmi"]
[SourceDate "2008.07.27"]

1. c4 g6 2. Nc3 Bg7 3. g3 c5 4. Bg2 Nc6 5. e3 e5 6. Nge2 Nge7 7. O-O a6 8. b3
O-O 9. Bb2 d6 10. Nd5 Nxd5 11. cxd5 Ne7 12. f4 Bd7 13. Rc1 b6 14. Qc2 Rc8 15.
Qb1 Nf5 16. fxe5 dxe5 17. e4 Nd6 18. d3 h5 19. Qa1 Qe7 20. Rce1 Rce8 21. b4
cxb4 22. Nf4 a5 23. Bh3 Bxh3 24. Nxh3 Nb5 25. Kg2 a4 26. Qd1 Ra8 27. Ng1 Rfc8
28. Nf3 Nc3 29. Bxc3 bxc3 30. Rf2 Qc5 31. Ref1 Ra7 32. Ng5 c2 33. Qa1 0-1

[Event "España ch 2008 sub 18"]
[Site "Padrón ESP"]
[Date "2008.07.31"]
[Round "7.3"]
[White "Vila Gazquez, Xavier"]
[Black "Cabrera Trujillo, Jorge"]
[Result "1-0"]
[WhiteElo "2419"]
[BlackElo "2423"]
[PlyCount "141"]
[EventDate "2008.07.27"]
[EventType "swiss"]
[EventRounds "9"]
[EventCountry "ESP"]
[Source "lmi"]
[SourceDate "2008.07.27"]

1. e4 c5 2. b3 Nf6 3. e5 Nd5 4. Bb2 d6 5. Nf3 Bg4 6. Bb5+ Nc6 7. h3 Bd7 8. exd6
exd6 9. O-O Be7 10. d4 Bf6 11. Re1+ Nde7 12. Nc3 O-O 13. Ne4 Nf5 14. Qd2 cxd4
15. Nxf6+ Qxf6 16. Qf4 Qh6 17. Qxh6 Nxh6 18. Rad1 Rfd8 19. a3 Rac8 20. Rd2 Nf5
21. Bc4 a6 22. Bf1 h5 23. Bc4 Kf8 24. Kh2 f6 25. Be6 Ne5 26. Bd5 Nc6 27. g4
hxg4 28. hxg4 Nh6 29. g5 Nf5 30. Kg2 Ne5 31. Bxb7 Rc7 32. Be4 Nxf3 33. Kxf3 Re8
34. Rh1 fxg5 35. Rh8+ Kf7 36. Rxe8 Kxe8 37. Bxd4 d5 38. Bxd5 Rxc2 39. Be3 Rc3
40. Ke4 Nd6+ 41. Kd4 Nb5+ 42. Ke5 Nxa3 43. Ra2 Nb5 44. Bc4 Nc7 45. Bxg5 Rf3 46.
Re2 Nb5 47. Kd5+ Kf8 48. Be7+ Ke8 49. Bh4+ Kf8 50. Be7+ Ke8 51. Kc5 Rf5+ 52.
Kb6 Nc3 53. Re3 Nd5+ 54. Bxd5 Rxd5 55. Kxa6 Kf7 56. b4 Rd2 57. Bc5 Bc8+ 58. Kb6
Rd7 59. Kc6 g5 60. b5 g4 61. b6 Rd1 62. Kc7 Ba6 63. Ra3 Rc1 64. Rxa6 Rxc5+ 65.
Kd6 Rf5 66. Ra7+ Kg6 67. b7 Rf6+ 68. Kd7 Rf7+ 69. Ke8 Rh7 70. Ra6+ Kf5 71. Rb6
1-0

[Event "España ch 2008 sub 18"]
[Site "Padrón ESP"]
[Date "2008.07.31"]
[Round "7.4"]
[White "Garcia Moreno, Carlos"]
[Black "Robles Garcia, Claudia"]
[Result "1/2-1/2"]
[WhiteElo "2176"]
[BlackElo "2256"]
[PlyCount "67"]
[EventDate "2008.07.27"]
[EventType "swiss"]
[EventRounds "9"]
[EventCountry "ESP"]
[Source "lmi"]
[SourceDate "2008.07.27"]

1. e4 c5 2. Nf3 d6 3. d4 cxd4 4. Nxd4 Nf6 5. Nc3 a6 6. Be2 e5 7. Nb3 Be7 8. O-O
O-O 9. Kh1 Nc6 10. f4 b5 11. a4 b4 12. Nd5 Nxe4 13. Bf3 f5 14. Nxe7+ Nxe7 15.
fxe5 dxe5 16. Qxd8 Rxd8 17. Bxe4 fxe4 18. Bg5 Re8 19. Nc5 h6 20. Bxe7 Rxe7 21.
Nxe4 Bb7 22. Rae1 Rc8 23. Rf2 Rd7 24. h3 a5 25. Kh2 Ba6 26. Rf6 Bb7 27. Rd6
Rdc7 28. Rb6 Bxe4 29. Rxe4 Rxc2 30. Rb5 R8c5 31. Rxe5 Rxe5 32. Rxe5 Rxb2 33.
Rxa5 Ra2 34. Ra7 1/2-1/2

[Event "España ch 2008 sub 18"]
[Site "Padrón ESP"]
[Date "2008.07.31"]
[Round "7.5"]
[White "Gago Padreny, Ignacio"]
[Black "Barbero Senidic, Alejandro"]
[Result "1-0"]
[WhiteElo "2169"]
[BlackElo "2244"]
[PlyCount "49"]
[EventDate "2008.07.27"]
[EventType "swiss"]
[EventRounds "9"]
[EventCountry "ESP"]
[Source "lmi"]
[SourceDate "2008.07.27"]

1. d4 d5 2. Nf3 Nf6 3. c4 c6 4. Nc3 e6 5. Bg5 Nbd7 6. e3 Qa5 7. cxd5 exd5 8.
Bd3 Bb4 9. Qc2 O-O 10. O-O Re8 11. a3 Bd6 12. b4 Qc7 13. b5 c5 14. dxc5 Qxc5
15. Rfd1 Ne4 16. Nxe4 Qxc2 17. Nxd6 Qc5 18. Nxe8 f6 19. Rac1 Qxa3 20. Nc7 Rb8
21. Bf4 g5 22. Bg3 g4 23. Nxd5 Ra8 24. Nd4 Ne5 25. Nxf6+ 1-0

[Event "España ch 2008 sub 18"]
[Site "Padrón ESP"]
[Date "2008.07.31"]
[Round "7.6"]
[White "Diaz Herrero, Alvaro"]
[Black "Camacho Collados, Marcos"]
[Result "1/2-1/2"]
[WhiteElo "2034"]
[BlackElo "2230"]
[PlyCount "47"]
[EventDate "2008.07.27"]
[EventType "swiss"]
[EventRounds "9"]
[EventCountry "ESP"]
[Source "lmi"]
[SourceDate "2008.07.27"]

1. e4 c5 2. Nf3 e6 3. d4 cxd4 4. Nxd4 Nf6 5. Nc3 Qb6 6. e5 Bc5 7. Be3 Nd5 8.
Nxd5 exd5 9. Nb5 O-O 10. Bxc5 Qxc5 11. Qd4 Qxd4 12. Nxd4 Nc6 13. Nb5 Nxe5 14.
Nc7 Rb8 15. O-O-O Ng4 16. Rd2 d6 17. h3 Nf6 18. Nxd5 Nxd5 19. Rxd5 Rd8 20. Be2
Be6 21. Rd4 Rbc8 22. Kb1 Kf8 23. Re1 Rc5 24. Red1 1/2-1/2

[Event "España ch 2008 sub 18"]
[Site "Padrón ESP"]
[Date "2008.07.31"]
[Round "7.8"]
[White "Hernandez Munoz, Antonio"]
[Black "Arribas Lopez, Angel"]
[Result "1/2-1/2"]
[WhiteElo "2044"]
[BlackElo "2332"]
[PlyCount "88"]
[EventDate "2008.07.27"]
[EventType "swiss"]
[EventRounds "9"]
[EventCountry "ESP"]
[Source "lmi"]
[SourceDate "2008.07.27"]

1. e4 c5 2. Nf3 d6 3. d4 cxd4 4. Nxd4 Nf6 5. Nc3 g6 6. Bg5 Bg7 7. Bb5+ Bd7 8.
Qe2 O-O 9. O-O-O Nc6 10. Bxc6 Bxc6 11. e5 Nd5 12. Nxd5 Bxd5 13. exd6 Qxd6 14.
Qxe7 Qxe7 15. Bxe7 Rfe8 16. Bg5 Bxg2 17. Rhg1 Be4 18. Nb5 Re5 19. Nd6 Bf3 20.
Rd3 Bc6 21. h4 Rd5 22. Rxd5 Bxd5 23. Nf5 Be6 24. Nxg7 Kxg7 25. Rd1 Rc8 26. b3
Bf5 27. Rd2 a6 28. Be3 f6 29. c4 h6 30. Rd6 Re8 31. a4 Re4 32. Bd4 Be6 33. Bc3
Kf7 34. Rb6 Rxh4 35. Rxb7+ Kg8 36. Bxf6 Rf4 37. Rg7+ Kf8 38. Rxg6 Kf7 39. Be5
Rxc4+ 40. bxc4 Kxg6 41. c5 Bd7 42. a5 Kf5 43. Bd6 Ke4 44. Kd2 Kd4 1/2-1/2

[Event "España ch 2008 sub 18"]
[Site "Padrón ESP"]
[Date "2008.07.31"]
[Round "7.10"]
[White "Mestre Bellido, Hector"]
[Black "Varona Poncela, Tomas"]
[Result "0-1"]
[WhiteElo "2284"]
[BlackElo "2064"]
[PlyCount "114"]
[EventDate "2008.07.27"]
[EventType "swiss"]
[EventRounds "9"]
[EventCountry "ESP"]
[Source "lmi"]
[SourceDate "2008.07.27"]

1. e4 b6 2. d4 Bb7 3. Nd2 e6 4. Ngf3 d5 5. e5 c5 6. c3 Qd7 7. Bd3 Ba6 8. Nf1
Bxd3 9. Qxd3 Nc6 10. a3 c4 11. Qc2 Na5 12. Bg5 Nb3 13. Rd1 f6 14. exf6 gxf6 15.
Bf4 Bd6 16. Bxd6 Qxd6 17. N1d2 Nxd2 18. Rxd2 Ne7 19. Re2 Kf7 20. O-O Rag8 21.
Nh4 Qf4 22. Rfe1 Qxh4 23. Rxe6 Rxg2+ 24. Kxg2 Qg4+ 25. Kh1 Qf3+ 26. Kg1 Rg8+
27. Kf1 Qh3+ 28. Ke2 Qxe6+ 29. Kd2 Qg4 30. Qxh7+ Rg7 31. Qc2 b5 32. a4 a6 33.
axb5 axb5 34. Kc1 Qf3 35. b3 cxb3 36. Qxb3 Qxf2 37. Rd1 Rg1 38. Qxb5 Qe3+ 39.
Kc2 Rxd1 40. Kxd1 Qxc3 41. Qb6 Qa1+ 42. Ke2 Qa2+ 43. Kf1 Qxh2 44. Qb4 Qf4+ 45.
Ke2 Qe4+ 46. Kf2 Nf5 47. Qb7+ Kg6 48. Qc8 Qxd4+ 49. Kg2 Qe4+ 50. Kf2 d4 51.
Qg8+ Ng7 52. Qc4 Qe3+ 53. Kf1 Qf3+ 54. Kg1 d3 55. Kh2 d2 56. Qc2+ Kg5 57. Qh7
Qh5+ 0-1

[Event "España ch 2008 sub 18"]
[Site "Padrón ESP"]
[Date "2008.07.31"]
[Round "7.11"]
[White "Dominguez Pons, Eric"]
[Black "Gil Quilez, David"]
[Result "1/2-1/2"]
[WhiteElo "2259"]
[BlackElo "2031"]
[PlyCount "50"]
[EventDate "2008.07.27"]
[EventType "swiss"]
[EventRounds "9"]
[EventCountry "ESP"]
[Source "lmi"]
[SourceDate "2008.07.27"]

1. e4 e5 2. Nf3 Nc6 3. d4 exd4 4. Nxd4 Nf6 5. Nxc6 bxc6 6. e5 Qe7 7. Qe2 Nd5 8.
c4 Ba6 9. b3 Qh4 10. Bb2 Bb4+ 11. Kd1 Bc5 12. g3 Qe7 13. Qg4 f5 14. Qh5+ g6 15.
Qf3 Nb6 16. Kc2 O-O-O 17. Nd2 Rhe8 18. Rd1 Ba3 19. Bc3 Bb7 20. Bg2 Bb4 21. Rhe1
Ba8 22. Bxb4 Qxb4 23. Qc3 Qxc3+ 24. Kxc3 d6 25. exd6 cxd6 1/2-1/2

[Event "España ch 2008 sub 18"]
[Site "Padrón ESP"]
[Date "2008.07.31"]
[Round "7.12"]
[White "Hernandez Leon, Alberto"]
[Black "Hernandez Leon, Sergio"]
[Result "1-0"]
[WhiteElo "2236"]
[BlackElo "2042"]
[PlyCount "89"]
[EventDate "2008.07.27"]
[EventType "swiss"]
[EventRounds "9"]
[EventCountry "ESP"]
[Source "lmi"]
[SourceDate "2008.07.27"]

1. Nf3 c5 2. e4 d6 3. d4 cxd4 4. Nxd4 e5 5. Nb3 Nf6 6. Nc3 Be7 7. Be2 O-O 8.
O-O a6 9. Be3 Be6 10. Qd2 Nbd7 11. a4 Nc5 12. Nxc5 dxc5 13. Rfd1 Qc7 14. Qe1
Rfd8 15. g3 Rxd1 16. Rxd1 Qc6 17. f3 c4 18. Ra1 Rd8 19. Rd1 Rxd1 20. Qxd1 b5
21. axb5 axb5 22. Qa1 b4 23. Nd1 Bc5 24. Qa5 Be7 25. Qxe5 h6 26. Nf2 Qa4 27.
Qb8+ Kh7 28. Bd1 Nd7 29. Qa7 Qc6 30. Qa1 Nf6 31. Be2 Nd7 32. Qd1 Bf6 33. Bd4
Bxd4 34. Qxd4 Qc5 35. Qxc5 Nxc5 36. Nd1 Na4 37. Kf2 c3 38. bxc3 b3 39. cxb3
Bxb3 40. c4 Kg6 41. Ke3 Kf6 42. Kd4 Ke6 43. Nc3 Kd6 44. Nxa4 Bxa4 45. e5+ 1-0

[Event "España ch 2008 sub 18"]
[Site "Padrón ESP"]
[Date "2008.07.31"]
[Round "7.13"]
[White "Fernandez Borrego, Pablo"]
[Black "Perez Castellano, Susana"]
[Result "1-0"]
[WhiteElo "2229"]
[BlackElo "1857"]
[PlyCount "109"]
[EventDate "2008.07.27"]
[EventType "swiss"]
[EventRounds "9"]
[EventCountry "ESP"]
[Source "lmi"]
[SourceDate "2008.07.27"]

1. Nc3 d5 2. d4 Nf6 3. Bg5 e6 4. e4 Be7 5. e5 Nfd7 6. h4 Bxg5 7. hxg5 Qxg5 8.
Nh3 Qe7 9. Qg4 g6 10. Bd3 Nf8 11. Nxd5 h5 12. Bb5+ c6 13. Nxe7 hxg4 14. Nxc8
cxb5 15. Nd6+ Ke7 16. Nxb5 Nc6 17. O-O-O gxh3 18. gxh3 Rd8 19. Nd6 b6 20. c3
Nh7 21. Ne4 Nf8 22. Kc2 Nd7 23. Rd3 Rh4 24. Re1 Rf4 25. Rg3 Rh8 26. Kd3 Rfh4
27. Ree3 Nd8 28. Ref3 Nc6 29. Re3 Rf4 30. a4 Na5 31. b4 Nc6 32. f3 Nd8 33. b5
Nb7 34. Re1 Rfh4 35. Nf2 Rc8 36. Ne4 Rch8 37. Rh1 Rf4 38. Ke3 Rhh4 39. Rg4
Rfxg4 40. fxg4 Nf8 41. Kf4 Rh8 42. h4 Nh7 43. h5 Rf8 44. g5 Na5 45. Ke3 gxh5
46. Rxh5 Nxg5 47. Nxg5 Nc4+ 48. Kd3 Nb2+ 49. Kc2 Nc4 50. Rh7 Ne3+ 51. Kd3 Nf5
52. Ke4 Ng3+ 53. Kf3 Nf1 54. Ne4 Kd7 55. Ke2 1-0

[Event "España ch 2008 sub 18"]
[Site "Padrón ESP"]
[Date "2008.07.31"]
[Round "7.14"]
[White "Garcia Blanco, Omar"]
[Black "Espinosa Aranda, Angel"]
[Result "1-0"]
[WhiteElo "2169"]
[BlackElo "2313"]
[PlyCount "103"]
[EventDate "2008.07.27"]
[EventType "swiss"]
[EventRounds "9"]
[EventCountry "ESP"]
[Source "lmi"]
[SourceDate "2008.07.27"]

1. e4 c5 2. c3 d5 3. exd5 Qxd5 4. d4 Nc6 5. Nf3 Bg4 6. dxc5 Qxc5 7. Be3 Qa5 8.
Be2 Nf6 9. O-O e6 10. Qb3 Qc7 11. Na3 Be7 12. Nb5 Qb8 13. h3 Bh5 14. Rad1 O-O
15. Nbd4 Nxd4 16. Bxd4 Qc8 17. Rfe1 Nd5 18. Be5 Rd8 19. Nd4 Bxe2 20. Rxe2 Nb6
21. Rde1 Qc4 22. Qc2 Rac8 23. Qe4 Bd6 24. Re3 Bxe5 25. Qxe5 Rc5 26. Qf4 Rcc8
27. Rf3 Qc7 28. Qg5 Rd5 29. Qg4 h5 30. Qe4 Qd7 31. Rg3 Nc4 32. Qb1 Nd6 33. Rf3
Re8 34. Ne2 Nc4 35. Rg3 Rd8 36. Qe4 Rd1 37. Nd4 Rxe1+ 38. Qxe1 e5 39. Nf3 f6
40. Kh2 Nxb2 41. Qe4 Qd5 42. Qf5 Rf8 43. Nh4 Nc4 44. Ng6 Re8 45. Qxh5 Nd2 46.
Kg1 Qxa2 47. Qh8+ Kf7 48. Nxe5+ Rxe5 49. Rxg7+ Ke6 50. Qc8+ Kd5 51. Rd7+ Ke4
52. Rd4# 1-0

[Event "España ch 2008 sub 18"]
[Site "Padrón ESP"]
[Date "2008.07.31"]
[Round "7.15"]
[White "Valmana Canto, Jaime"]
[Black "Martinez Salas, Imanol"]
[Result "1-0"]
[WhiteElo "2376"]
[BlackElo "2010"]
[PlyCount "103"]
[EventDate "2008.07.27"]
[EventType "swiss"]
[EventRounds "9"]
[EventCountry "ESP"]
[Source "lmi"]
[SourceDate "2008.07.27"]

1. e4 e6 2. d4 d5 3. Nc3 dxe4 4. Nxe4 Nd7 5. Bd3 Ngf6 6. Qe2 c5 7. Nxf6+ Nxf6
8. dxc5 Bxc5 9. Bd2 Bd7 10. Nf3 Qc7 11. O-O-O O-O-O 12. Ne5 Bc6 13. f4 Bd5 14.
Kb1 Rhf8 15. Rhf1 Qb6 16. Bc3 Rd6 17. g4 Bb4 18. Bxb4 Qxb4 19. c4 Bc6 20. Qe3
Kb8 21. c5 Rd5 22. g5 Nd7 23. Nxc6+ bxc6 24. Be4 Rxd1+ 25. Rxd1 Qxc5 26. Qd3
Nb6 27. Rc1 Qe7 28. Rxc6 Rc8 29. Qc3 Rxc6 30. Qxc6 Qd7 31. Qxd7 Nxd7 32. Bxh7
Kc7 33. Bg8 e5 34. f5 f6 35. h4 fxg5 36. hxg5 Kd6 37. Kc2 e4 38. Bf7 Ke5 39. f6
g6 40. Bxg6 Nf8 41. Be8 Kf5 42. Kd2 Kxg5 43. f7 Kf4 44. Bc6 Ne6 45. b4 Ke5 46.
Ke3 Kf6 47. Be8 Ke5 48. a4 Kd5 49. b5 Ke5 50. a5 Kd5 51. b6 axb6 52. a6 1-0

[Event "España ch 2008 sub 18"]
[Site "Padrón ESP"]
[Date "2008.07.31"]
[Round "7.16"]
[White "Chueca Forcen, Alberto"]
[Black "Jimenez Capilla, Martin R"]
[Result "1-0"]
[WhiteElo "2254"]
[BlackElo "1977"]
[PlyCount "129"]
[EventDate "2008.07.27"]
[EventType "swiss"]
[EventRounds "9"]
[EventCountry "ESP"]
[Source "lmi"]
[SourceDate "2008.07.27"]

1. d4 d5 2. c4 c6 3. Nf3 Nf6 4. Nc3 dxc4 5. a4 Bf5 6. Ne5 e6 7. f3 Nbd7 8. e4
Bg6 9. Nxc4 Be7 10. Be2 O-O 11. O-O Nb6 12. Ne5 c5 13. Nxg6 hxg6 14. Be3 Rc8
15. a5 Nbd7 16. a6 b6 17. Nb5 cxd4 18. Bxd4 Ra8 19. Qd2 Nc5 20. Bc4 Nxa6 21.
Rxa6 Qc8 22. Ra4 a6 23. Rfa1 Qc6 24. Nc3 Rfd8 25. Bxa6 e5 26. Bb5 Rxa4 27. Rxa4
Qc7 28. Kh1 exd4 29. Rxd4 Rxd4 30. Qxd4 Bc5 31. Qd2 Qe5 32. g3 Bd4 33. Be2 g5
34. Kg2 g4 35. f4 Bxc3 36. fxe5 Bxd2 37. exf6 gxf6 38. Bxg4 Be3 39. Kf3 Bd4 40.
b3 Be5 41. Bd7 Kg7 42. Bb5 Kg6 43. Kg4 Bd4 44. Bc4 Bg1 45. h4 Bd4 46. Kf3 Bc3
47. Bd3 Be5 48. g4 Kh6 49. Bc4 Kg7 50. Bd5 Kg6 51. Ke3 Bg3 52. h5+ Kg7 53. Kd4
Bf4 54. Kc4 Kf8 55. Kb5 Be3 56. Kc6 Bd4 57. Bc4 Bf2 58. Kd6 Be3 59. e5 Bf4 60.
Kc6 Be3 61. exf6 Bg5 62. Kxb6 Bxf6 63. b4 Be5 64. Kb7 Kg7 65. Bd3 1-0

[Event "España ch 2008 sub 18"]
[Site "Padrón ESP"]
[Date "2008.07.31"]
[Round "7.17"]
[White "Herrera Reyes, Jose Antonio"]
[Black "Jimenez Serna, Alvaro"]
[Result "1/2-1/2"]
[WhiteElo "2145"]
[BlackElo "1947"]
[PlyCount "73"]
[EventDate "2008.07.27"]
[EventType "swiss"]
[EventRounds "9"]
[EventCountry "ESP"]
[Source "lmi"]
[SourceDate "2008.07.27"]

1. Nc3 c5 2. g3 Nf6 3. Bg2 Nc6 4. e4 g6 5. f4 d6 6. Nf3 Bg7 7. O-O O-O 8. d3 e6
9. Kh1 Ne8 10. Be3 Nd4 11. e5 Nf5 12. Bg1 Rb8 13. exd6 b6 14. Ne5 Bd7 15. Ne4
Nfxd6 16. Qe2 Bb5 17. c4 Bd7 18. Rad1 Qc7 19. d4 Nxe4 20. Bxe4 Bxe5 21. dxe5
Bc6 22. Qf3 Bxe4 23. Qxe4 Ng7 24. Bf2 Rfd8 25. g4 Rxd1 26. Rxd1 Rd8 27. Rd3 h5
28. h3 Rd7 29. Bh4 Rxd3 30. Qxd3 Qc6+ 31. Kg1 Qa4 32. a3 hxg4 33. hxg4 b5 34.
Bf2 bxc4 35. Qd8+ Kh7 36. Qh4+ Kg8 37. Qd8+ 1/2-1/2

[Event "España ch 2008 sub 18"]
[Site "Padrón ESP"]
[Date "2008.07.31"]
[Round "7.18"]
[White "Galvan Ruiz, Mario"]
[Black "Torres Ventosa, Pedro Eugenio"]
[Result "0-1"]
[WhiteElo "2019"]
[BlackElo "2135"]
[PlyCount "132"]
[EventDate "2008.07.27"]
[EventType "swiss"]
[EventRounds "9"]
[EventCountry "ESP"]
[Source "lmi"]
[SourceDate "2008.07.27"]

1. e4 d5 2. exd5 Qxd5 3. Nc3 Qd6 4. d4 Nf6 5. Nf3 a6 6. g3 Bg4 7. Bg2 Nc6 8.
O-O e6 9. Bf4 Qd7 10. h3 Bxf3 11. Qxf3 O-O-O 12. Rfd1 Be7 13. d5 Nxd5 14. Nxd5
exd5 15. Rxd5 Qxd5 16. Qxd5 Rxd5 17. Bxd5 Nd8 18. Re1 Bf6 19. b3 c6 20. Bf3 h5
21. Be4 g6 22. Bd3 Ne6 23. Be5 Bxe5 24. Rxe5 Kd7 25. Bc4 Kd6 26. Re3 Nd8 27.
Kg2 b5 28. Be2 Ne6 29. Rd3+ Ke7 30. Bf3 Rc8 31. h4 c5 32. Bb7 Rb8 33. Bd5 Nd4
34. c3 Nf5 35. Be4 Nd6 36. Re3 Kd7 37. Bd5 a5 38. f3 Nf5 39. Re1 Rf8 40. Kh3
Kd6 41. Be4 Ne7 42. Rd1+ Kc7 43. Kg2 Re8 44. Kf2 f5 45. Bd3 Rd8 46. Be2 Rxd1
47. Bxd1 Nd5 48. c4 Nc3 49. Bc2 bxc4 50. bxc4 Nxa2 51. g4 Nc3 52. gxh5 gxh5 53.
Ke3 Kd6 54. Kd2 Na2 55. Bxf5 Ke5 56. Bg6 Kf4 57. Bxh5 Kg3 58. Kc2 Kxh4 59. Kb3
Nc1+ 60. Kc2 Ne2 61. Bg4 Nd4+ 62. Kb2 Kg3 63. Ka3 Nxf3 64. Bxf3 Kxf3 65. Ka4
Ke4 66. Kxa5 Ke5 0-1

[Event "España ch 2008 sub 18"]
[Site "Padrón ESP"]
[Date "2008.07.31"]
[Round "7.19"]
[White "Guadamuro Torrente, Anabel"]
[Black "Galan Martin, Alejandro"]
[Result "1/2-1/2"]
[WhiteElo "2105"]
[BlackElo "1925"]
[PlyCount "105"]
[EventDate "2008.07.27"]
[EventType "swiss"]
[EventRounds "9"]
[EventCountry "ESP"]
[Source "lmi"]
[SourceDate "2008.07.27"]

1. e4 e6 2. Nf3 d5 3. Nc3 Nf6 4. e5 Nfd7 5. d4 c5 6. dxc5 Nc6 7. Bf4 Bxc5 8.
Bd3 h6 9. h4 a6 10. Qe2 Nb4 11. a3 Nxd3+ 12. cxd3 b5 13. O-O Bb7 14. d4 Be7 15.
h5 O-O 16. Nh2 Nb6 17. Rad1 Rc8 18. Rd3 Kh7 19. Qg4 Nc4 20. Rg3 Rg8 21. Bc1 Qb6
22. Ne2 Bc6 23. f4 Bd7 24. Nf3 b4 25. Nh4 bxa3 26. bxa3 a5 27. Kh2 a4 28. f5
Bxh4 29. Qxh4 exf5 30. Nc3 Qc6 31. Qe7 Be6 32. Ne2 Rb8 33. Nf4 Rb7 34. Qh4 Rb1
35. Nxe6 fxe6 36. Qf4 Qe8 37. Rg6 Rxc1 38. Rxc1 Qe7 39. Rc3 Rb8 40. Rgg3 Rb1
41. Rgd3 Rb7 42. Qg3 Qf7 43. Qh4 Qe7 44. Qh3 Rb1 45. Rg3 Rb8 46. Rg6 Rf8 47.
Qg3 Rb8 48. Rd3 Nb2 49. Rf3 Nc4 50. Rc3 Rb7 51. Qf4 Rb3 52. Rc1 Rxa3 53. Rg3
1/2-1/2

[Event "España ch 2008 sub 18"]
[Site "Padrón ESP"]
[Date "2008.07.31"]
[Round "7.20"]
[White "Ladron De Guevara Pinto, Fermin"]
[Black "Juez Villar, Erik"]
[Result "1/2-1/2"]
[WhiteElo "2074"]
[BlackElo "1912"]
[PlyCount "94"]
[EventDate "2008.07.27"]
[EventType "swiss"]
[EventRounds "9"]
[EventCountry "ESP"]
[Source "lmi"]
[SourceDate "2008.07.27"]

1. d4 Nf6 2. Nf3 c5 3. e3 cxd4 4. exd4 d5 5. Bd3 Nc6 6. O-O Bg4 7. c3 e6 8. Bg5
Be7 9. Nbd2 O-O 10. Re1 Bh5 11. Bh4 Bg6 12. Bxg6 hxg6 13. Ne5 Nxe5 14. dxe5 Nd7
15. Bxe7 Qxe7 16. Qg4 Rfc8 17. Re3 Nf8 18. Rae1 f5 19. exf6 gxf6 20. f4 Qg7 21.
Nf3 Re8 22. Nd4 e5 23. fxe5 Rxe5 24. Nf3 f5 25. Qh4 Re4 26. Qf2 Qh6 27. Qd2 Rd8
28. Rd3 Qxd2 29. Rxd2 Rxe1+ 30. Nxe1 Kf7 31. Nf3 Ne6 32. g3 b5 33. Nd4 Nxd4 34.
Rxd4 Ke6 35. h4 a5 36. Kf2 Ke5 37. Ke3 Rb8 38. a3 Rb7 39. Rf4 Re7 40. Kf3 Kd6
41. h5 gxh5 42. Rxf5 Re5 43. Rf8 a4 44. Kf2 Kc5 45. Rc8+ Kd6 46. Rb8 Kc5 47.
Rc8+ Kd6 1/2-1/2

[Event "España ch 2008 sub 18"]
[Site "Padrón ESP"]
[Date "2008.07.31"]
[Round "7.21"]
[White "Rodriguez Perez, Angel Mariano"]
[Black "De Nacimiento Montano, Antonio"]
[Result "0-1"]
[WhiteElo "1991"]
[BlackElo "2045"]
[PlyCount "140"]
[EventDate "2008.07.27"]
[EventType "swiss"]
[EventRounds "9"]
[EventCountry "ESP"]
[Source "lmi"]
[SourceDate "2008.07.27"]

1. e4 c5 2. Nf3 e6 3. d4 cxd4 4. Nxd4 a6 5. Nc3 b5 6. a3 Bb7 7. Be3 Qc7 8. f3
Nf6 9. Bd3 Bc5 10. Qd2 O-O 11. Nb3 Bxe3 12. Qxe3 d6 13. O-O Nc6 14. Kh1 Ne5 15.
Rad1 Rfd8 16. h3 Nc4 17. Bxc4 bxc4 18. Nd4 Qb6 19. Na4 Qa5 20. Nc3 Rab8 21. f4
Ba8 22. Rb1 Rd7 23. g4 Nxe4 24. Nxe4 Qd5 25. Rfe1 f5 26. gxf5 exf5 27. Nxf5
Qxf5 28. Kh2 Rf8 29. Nd2 Qxc2 30. Rec1 Qg6 31. Rg1 Qf7 32. Rbe1 Bb7 33. Rg4 h5
34. Rh4 Bd5 35. Nf3 Bxf3 36. Qxf3 g6 37. Qe4 Qf5 38. Qe6+ Kg7 39. Qxc4 Qf6 40.
Qc3 Qxc3 41. bxc3 Rf5 42. Re4 Rc7 43. c4 Kf7 44. Rd4 Ke6 45. Re4+ Kd7 46. Kg3
Rcc5 47. Kf3 Ra5 48. Re3 Ra4 49. Rc3 Rc5 50. f5 Rxf5+ 51. Ke3 Rfa5 52. Kd4 Rxa3
53. Rc2 Rg3 54. Rc3 Rxc3 55. Kxc3 Re5 56. Kb4 Kc6 57. Rf4 g5 58. Rf8 Re3 59.
Rc8+ Kb7 60. Rg8 Rxh3 61. Rxg5 Kb6 62. Rg6 a5+ 63. Ka4 Kc5 64. Rg5+ Kxc4 65.
Kxa5 d5 66. Rg8 d4 67. Rc8+ Kd5 68. Kb4 Ke4 69. Re8+ Kd3 70. Ra8 Rh1 0-1

[Event "España ch 2008 sub 18"]
[Site "Padrón ESP"]
[Date "2008.07.31"]
[Round "7.22"]
[White "Arce Calva, Elvira"]
[Black "Vila Gonzalez, Daniel"]
[Result "1/2-1/2"]
[WhiteElo "1876"]
[BlackElo "2039"]
[PlyCount "58"]
[EventDate "2008.07.27"]
[EventType "swiss"]
[EventRounds "9"]
[EventCountry "ESP"]
[Source "lmi"]
[SourceDate "2008.07.27"]

1. e4 c5 2. Nc3 Nc6 3. Nge2 Nf6 4. d3 g6 5. g3 d5 6. Bg2 dxe4 7. Nxe4 Nxe4 8.
Bxe4 Bg7 9. Bg2 O-O 10. O-O Qc7 11. Nc3 Bf5 12. Ne4 b6 13. Bf4 Qd7 14. Qc1 Bh3
15. Re1 Bxg2 16. Kxg2 Nd4 17. c3 Ne6 18. Ng5 Nxf4+ 19. Qxf4 e5 20. Qc4 Rad8 21.
Rad1 h6 22. Nf3 Rfe8 23. Re3 Qd5 24. Qxd5 Rxd5 25. Rde1 Red8 26. Nxe5 Bxe5 27.
Rxe5 Rxd3 28. Re7 R8d7 29. R7e2 Kg7 1/2-1/2